Normal view
MARC view
- PRINTED CIRCUIT
Entry Topical Term
001 - CONTROL NUMBER
- control field: 74229
003 - CONTROL NUMBER IDENTIFIER
- control field: NUST
005 - DATE AND TIME OF LATEST TRANSACTION
- control field: 20210628205150.0
008 - FIXED-LENGTH DATA ELEMENTS
- fixed length control field: 210628|| aca||aabn | a|a d
040 ## - CATALOGING SOURCE
- Original cataloging agency: NUST
- Transcribing agency: NUST
150 ## - HEADING--TOPICAL TERM
- Topical term or geographic name entry element: PRINTED CIRCUIT
670 ## - SOURCE DATA FOUND
- Source citation: Work cat.: (NUST): SIKONOWIZ, WALBERT 74228, DESIGNING AND CREATING PRINTED CIRCUITS, 1981
